| 000 | 00000nam 2200000zi 4500 |
| 001 | 9.939902 |
| 003 | CaOODSP |
| 005 | 20240626152009 |
| 006 | m o d f |
| 007 | cr ||||||||||| |
| 008 | 240626s1980 onc o f000 0 fre d |
| 040 | |aCaOODSP|bfre|erda|cCaOODSP |
| 043 | |an-cn--- |
| 086 | 1 |aEn40-1109/1980F-PDF |
| 245 | 00|aChlorofluoroalcanes. |
| 264 | 1|a[Ottawa] : |bEnvironnement Canada, Service de protection de l'environnement = Environment Canada, Environmental Protection Service, |c[1980] |
| 300 | |a1 ressource en ligne (3 pages non numérotées) |
| 336 | |atexte|btxt|2rdacontent/fre |
| 337 | |ainformatique|bc|2rdamedia/fre |
| 338 | |aressource en ligne|bcr|2rdacarrier/fre |
| 500 | |aPublié aussi en anglais sous le titre : Chlorofluorocarbons. |
| 500 | |aÉdition numérisée de l’imprimé [par Environnement et changement climatique Canada]. |
| 650 | 6|aChlorofluorocarbones|xAspect de l'environnement|zCanada. |
| 650 | 6|aChlorofluorocarbones|xAspect sanitaire|zCanada. |
| 710 | 1 |aCanada. |bEnvironnement Canada. |bService de la protection de l'environnement, |eorganisme de publication. |
| 775 | 08|tChlorofluorocarbons.|w(CaOODSP)9.929695 |
| 856 | 40|qPDF|s4.54 Mo|uhttps://publications.gc.ca/collections/collection_2024/eccc/en40/En40-1109-1980-fra.pdf |